Giáo Trình Ngữ Pháp Tiếng Việt Sách dành cho các trường Cao Đẳng Sư Phạm
Saved in:
| Main Author: | |
|---|---|
| Other Authors: | |
| Format: | Book |
| Published: |
H.
Đại Học Sư Phạm
2007
|
| Subjects: | |
| Tags: |
Add Tag
No Tags, Be the first to tag this record!
|
| Institutions: | Trung tâm Học liệu Lê Vũ Hùng, Trường Đại học Đồng Tháp |
|---|
| LEADER | 02187pam a22002538a 4500 | ||
|---|---|---|---|
| 001 | 00023290 | ||
| 005 | 20171215151224.0 | ||
| 008 | 110616s2007 ||||||Viesd | ||
| 020 | # | # | |a 44000 |
| 041 | 0 | # | |a Vie |
| 082 | 1 | 4 | |a 495.922 5 |b GI108TR |
| 100 | 0 | # | |a Bùi Minh Toán |
| 245 | 0 | 0 | |a Giáo Trình Ngữ Pháp Tiếng Việt |b Sách dành cho các trường Cao Đẳng Sư Phạm |c Bùi Minh Toán; Nguyễn Thị Lương |
| 260 | # | # | |a H. |b Đại Học Sư Phạm |c 2007 |
| 300 | # | # | |a 241 tr. |c 24 cm. |
| 653 | # | # | |a Ngữ Pháp |
| 653 | # | # | |a Tiếng Việt |
| 700 | 0 | # | |a Nguyễn Thị Lương |
| 852 | # | # | |b Kho giáo trình |j KGT.0022718, KGT.0022719, KGT.0022720, KGT.0022721, KGT.0022722, KGT.0022723, KGT.0022724, KGT.0022725, KGT.0022726, KGT.0022727, KGT.0022728, KGT.0022729, KGT.0022730, KGT.0022731, KGT.0022732, KGT.0022733, KGT.0022734, KGT.0022735, KGT.0022736, KGT.0022737, KGT.0022738, KGT.0022739, KGT.0022740, KGT.0022741, KGT.0022742, KGT.0022743, KGT.0022744, KGT.0022745, KGT.0022746, KGT.0022747, KGT.0022748, KGT.0022749, KGT.0022750, KGT.0022751, KGT.0022752, KGT.0022753, KGT.0022754, KGT.0022755, KGT.0022756, KGT.0022757, KGT.0022758, KGT.0022759, KGT.0022760, KGT.0022761, KGT.0033240, KGT.0033241, KGT.0034402, KGT.0034376, KGT.0034384 |
| 852 | # | # | |b Kho mượn |j KGT.0022718 |
| 852 | # | # | |b Kho đọc |j KD.0009710 |
| 852 | # | # | |j KGT.0022719 |j KGT.0022720 |j KGT.0022722 |j KGT.0022723 |j KGT.0022725 |j KGT.0022728 |j KGT.0022730 |j KGT.0022731 |j KGT.0022733 |j KGT.0022737 |j KGT.0022738 |j KGT.0022740 |j KGT.0022741 |j KGT.0022743 |j KGT.0022744 |j KGT.0022748 |j KGT.0022749 |j KGT.0022751 |j KGT.0022752 |j KGT.0022756 |j KGT.0022757 |j KGT.0022759 |j KGT.0022761 |j KGT.0034384 |j KGT.0034402 |j KGT.0033240 |j KGT.0033241 |j KD.0009710 |j KGT.0022726 |j KGT.0022727 |j KGT.0022735 |j KGT.0022745 |j KGT.0022746 |j KGT.0022754 |j KGT.0034376 |j KGT.0022718 |j KGT.0022721 |j KGT.0022724 |j KGT.0022729 |j KGT.0022732 |j KGT.0022734 |j KGT.0022736 |j KGT.0022739 |j KGT.0022742 |j KGT.0022747 |j KGT.0022750 |j KGT.0022753 |j KGT.0022755 |j KGT.0022758 |j KGT.0022760 |
| 910 | 0 | # | |a duyên |e ltkchi |f 15/12/2017 |d 16/06/2011 |
| 980 | # | # | |a Trung tâm Học liệu Lê Vũ Hùng, Trường Đại học Đồng Tháp |